Recuperação judicial dos grupos de empresas : (Registro nro. 173766)
[ vista simple ]
| 000 -LEADER | |
|---|---|
| fixed length control field | 01086nam a22003011i 4500 |
| 001 - CONTROL NUMBER | |
| control field | bslw10112078 |
| 006 - FIXED-LENGTH DATA ELEMENTS--ADDITIONAL MATERIAL CHARACTERISTICS--GENERAL INFORMATION | |
| fixed length control field | m o d |
| 007 - PHYSICAL DESCRIPTION FIXED FIELD--GENERAL INFORMATION | |
| fixed length control field | cr un ---uuuua |
| 008 - FIXED-LENGTH DATA ELEMENTS--GENERAL INFORMATION | |
| fixed length control field | 231222s2023 bl ob 000 0 por d |
| 035 ## - | |
| -- | 42402 |
| 040 ## - CATALOGING SOURCE | |
| Original cataloging agency | UtOrBLW |
| Language of cataloging | eng |
| Description conventions | rda |
| Transcribing agency | UtOrBLW |
| 043 ## - | |
| -- | s-bl--- |
| 050 #4 - | |
| -- | KHD1059 |
| -- | .B67 2023 |
| 082 04 - | |
| -- | 346.8107 |
| -- | 23 |
| 100 1# - MAIN ENTRY--PERSONAL NAME | |
| Personal name | Bortolini, Pedro Rebello, |
| Relator term | author. |
| 245 10 - TITLE STATEMENT | |
| Title | Recuperação judicial dos grupos de empresas : |
| Remainder of title | Aspectos Teóricos e Práticos de Consolidação Processual e Substancial / |
| Statement of responsibility, etc | Pedro Rebello Bortolini. |
| 264 #1 - | |
| -- | Indaiatuba : |
| -- | Editora Foco, |
| -- | 2023. |
| 300 ## - PHYSICAL DESCRIPTION | |
| Extent | 1 online resource (xxxiv, 448 pages) |
| 336 ## - | |
| -- | text |
| -- | txt |
| -- | rdacontent |
| 337 ## - | |
| -- | computer |
| -- | c |
| -- | rdamedia |
| 338 ## - | |
| -- | online resource |
| -- | cr |
| -- | rdacarrier |
| 500 ## - GENERAL NOTE | |
| General note | "De acordo com a lei 11.101/2005, segundo a reforma operada pela lei 14.112/2020." |
| 504 ## - BIBLIOGRAPHY, ETC. NOTE | |
| Bibliography, etc | Includes bibliographical references. |
| 650 #0 - SUBJECT ADDED ENTRY--TOPICAL TERM | |
| Topical term or geographic name as entry element | Commercial law |
| Geographic subdivision | Brazil. |
| 856 40 - LOCALIZACIÓN Y ACCESO ELECTRÓNICO | |
| Identificador Uniforme del Recurso (URI/URL) | https://app.vlex.com/#/sources/42402 |
| 942 ## - | |
| -- | RAA |
| 999 ## - | |
| -- | 173766 |
| -- | 173766 |
No hay ítems disponibles.